000 00356nam a2200133Ia 4500
005 20260328104255.0
008 260328s9999||||xx |||||||||||||| ||und||
100 _aSembach, Klaus-Jürgen
245 0 _aDiseño del Mueble :
_b en el Siglo XX /
_cKlaus-Jürgen Sembach
260 _bTaschen
300 _a255 p.
650 _aDISEÑO INTERIOR
942 _cBK
999 _c10404
_d10404